000 00440pab a2200169 454500
008 180718b2014 xxu||||| |||| 00| 0 eng d
100 _aBalaji, S.J.
245 _aAgricultural productivity growth: Is there regional convergence
260 _c2014
300 _ap.74-80.
362 _a27 Dec
650 _aAgricultural products
700 _aPal, Suresh
773 _aEconomic and Political Weekly
908 _aN
909 _a106459
999 _c106454
_d106454